000 00492nam a22001817a 4500
003 MPLRDC
005 20220104114257.0
008 210129b ||||| |||| 00| 0 eng d
020 _a7-5324-1268-7
082 _a857.46 SNA-8 v.2
100 _a陈元山等编文
245 _a水浒. 连环画. 下
_c杨秋宝等绘画
250 _a一版三刷
260 _a
_b少年儿童出版社
_c1991
300 _b
650 _a话本小说及章回--水浒传
942 _cBK
_o857.46 SNA-8 v.2
999 _c6235
_d6225